President or Prime Minister? Click Quiz - Statistics

General Stats
  • This quiz has been taken 35 times
  • The average score is 16 of 21
Answer Stats
Hint Extra Hint Answer % Correct
Lyndon B. Johnson USA PRESIDENT
91%
Margaret Thatcher UK PRIME MINISTER
91%
Xi Jinping China PRESIDENT
88%
Anthony Albanese Australia PRIME MINISTER
88%
Luiz Inácio Lula da Silva Brazil PRESIDENT
84%
Shinzo Abe Japan PRIME MINISTER
84%
Mette Frederiksen Denmark PRIME MINISTER
81%
Emmanuel Macron France PRESIDENT
78%
Nelson Mandela South Africa PRESIDENT
78%
Bashar al-Assad Syria PRESIDENT
78%
Justin Trudeau Canada PRIME MINISTER
78%
Alexander Lukashenko Belarus PRESIDENT
75%
Benjamin Netanyahu Israel PRIME MINISTER
75%
Hugo Chávez Venezuela PRESIDENT
72%
Narendra Modi India PRIME MINISTER
72%
Javier Milei Argentina PRESIDENT
69%
Bisher Khasawneh Jordan PRIME MINISTER
69%
Pedro Sánchez Spain PRIME MINISTER
66%
Silvio Berlusconi Italy PRIME MINISTER
66%
Ali Khamenei Iran PRESIDENT
63%
Viktor Orbán Hungary PRIME MINISTER
50%
No matching quizzes found
Score Distribution
Percent of People with Each Score
Percentile by Number Answered
Your Score History
You have not taken this quiz